Normal view
MARC view
Entry Personal Name
001 - CONTROL NUMBER
- control field: 60299
003 - CONTROL NUMBER IDENTIFIER
- control field: OSt
005 - DATE AND TIME OF LATEST TRANSACTION
- control field: 20260428123131.0
008 - FIXED-LENGTH DATA ELEMENTS
- fixed length control field: 260428|| aca||aabn | a|a d
040 ## - CATALOGING SOURCE
- Original cataloging agency: OSt
- Transcribing agency: OSt
100 ## - HEADING--PERSONAL NAME
- Personal name: Prasoon, Satya and Singh, Shilpi
670 ## - SOURCE DATA FOUND
- Source citation: Work cat.: (OSt): Prasoon, Satya and Singh, Shilpi, Supriyo v union of INDIA (2023): Interpretive failures and limits of anti-discrimination guarantee in INDIA
